| 000 | 00000nam##2200000za#4500 |
| 001 | 9.648052 |
| 003 | CaOODSP |
| 005 | 20210927150315 |
| 007 | ta |
| 008 | 150407|2000||||xxc||||| f|0| 0 eng|d |
| 020 | |a0-662-29989-2 |
| 040 | |aCaOODSP|beng |
| 043 | |an-cn--- |
| 086 | 1 |aR2-136/2001E |
| 110 | 1 |aCanada. |bIndian and Northern Affairs Canada. |
| 245 | 10|aMy summer on the pow-wow trail / |cEdited by: D.S. Emond, L.H. Weston and L.L. Lewis |
| 260 | |aWhitehorse - Yukon : |bIndian and Northern Affairs |c2000. |
| 300 | |a6p. : |bfigs., graphs, illus., maps (some folded), plates, tables, photographs ; |c28 cm. |
| 504 | |aBibliography. |
| 520 | 3 |aThese upbeat, plain-language pamphlets take a light-handed look at Aboriginal lifestyles, culture, heritage, and history. Targeting a young audience, they occasionally include Web site addresses or suggest ideas for student activities. |
| 563 | |aPamphlet |
| 590 | |a03-09|b2003-02-28 |
| 690 | 07|aIndigenous culture|2gcpds |
| 690 | 07|aIndigenous peoples|2gcpds |
| 775 | 08|tSur la route des pow-wow |w(CaOODSP)9.681434 |
| 776 | 0#|tMy summer on the pow-wow trail |w(CaOODSP)9.697894 |
| 986 | |aQS-6120-011-EE-A1 |